Welcome to the Holygrace Academy Library

Please use search bar below to get started

THE BOY'S BOOK (Record no. 3258)

MARC details
000 -LEADER
fixed length control field 00373nam a22001577a 4500
020 ## - INTERNATIONAL STANDARD BOOK NUMBER
ISBN 978-1-905158-64-5
082 ## - DEWEY DECIMAL CLASSIFICATION NUMBER
Classification number 823
Item number BUS/B
100 ## - MAIN ENTRY--AUTHOR NAME
Personal name BUSTER BOOKS
245 ## - TITLE STATEMENT
Title THE BOY'S BOOK
Remainder of title BEST EVERYTHING
246 ## - VARYING FORM OF TITLE
Title proper/short title THE BOY'S BOOK
Remainder of title BEST EVERYTHING
260 ## - PUBLICATION, DISTRIBUTION, ETC. (IMPRINT)
Place of publication UK
Name of publisher BUSTER BOOKS
Year of publication 2006
300 ## - PHYSICAL DESCRIPTION
Number of Pages 128
520 ## - SUMMARY, ETC.
Summary, etc SHORT STORY
650 ## - SUBJECT ADDED ENTRY--TOPICAL TERM
Topical Term SHORT STORY
942 ## - ADDED ENTRY ELEMENTS (KOHA)
Koha item type Books
Holdings
Withdrawn status Lost status Collection code Home library Current library Shelving location Date acquired Source of acquisition Full call number Accession Number Koha item type
    Fiction Main Library Main Library SHELF 4-G FAIRY TALES,COMICS 18/07/2019 Purchase 823 BUS/B 11358 Books